000 01108nam a22003137a 4500
003 CHAP
005 20220329134708.0
008 971013s1954 r 00010 d
010 _a24336
011 _a25308
035 _a29408
040 _cCHAP
082 _a633.15
_bC65
110 _aComisión Nacional del Maíz. México
_925814
245 _aHíbridos para obtener mayor producción de maíz por hectárea
260 _aMéxico, D. F. :
_bLa Comisión,
_c1954
300 _a47 p.
_b: ilus.
490 _aComisión Nacional del Maíz. México. Folleto de Divulgación
590 _aBATCH-UPD
_b10
_c20130110
_lUCH01
_h1722
590 _aBATCH-UPD
_b10
_c20130410
_lUCH01
_h1105
590 _aBATCH-UPD
_b10
_c20130914
_lUCH01
_h1018
590 _aCONVERSION
_b10
_c20130109
_lUCH01
_h1314
650 1 4 _aMaíz
_xHíbridos.
_970974
830 0 _aComisión Nacional del Maíz. México. Folleto de Divulgación
_925815
901 _aBK
942 _cLIBRO
949 _a633.15 C65
_bBC
_cLIBRO
_d-67998
_eLIBRO
_h22221
_i29408
_si
949 _a633.15 C65
_bBC
_cLIBRO
_d33724002203686
_eLIBRO
_fc.2
_h54551
_i29408
_si
999 _c24336
_d24336